000 00722nam a2200241Ia 4500
003 OSt
005 20220923212050.0
006 a|||||r|||| 00| 0
007 ta
008 220922b |||||||| |||| 00| 0 hin d
024 _a150,477
037 _cTextual
040 _aARTS
_cARTS
_bhin
041 _2hin
_ahin
082 _aB96, 152J5
100 _aगोरख प्रसाद
_9156291
245 0 _aनीहारिकाए
246 _aNīhārikāe
260 _aपटना
_b बिहार राष्ट्रभाषा परिषद्
_c1955
300 _a112 पृ.
_ccm.
942 _hB96, 152J5
_cTEXL
_2CC
999 _c306157
_d306157